Normal view
MARC view
- Huzaifa Javed
Entry Personal Name
001 - CONTROL NUMBER
- control field: 50802
003 - CONTROL NUMBER IDENTIFIER
- control field: NUST
005 - DATE AND TIME OF LATEST TRANSACTION
- control field: 20210314134804.0
008 - FIXED-LENGTH DATA ELEMENTS
- fixed length control field: 210314|| aca||aabn | a|a d
040 ## - CATALOGING SOURCE
- Original cataloging agency: NUST
- Transcribing agency: NUST
100 ## - HEADING--PERSONAL NAME
- Personal name: Huzaifa Javed
670 ## - SOURCE DATA FOUND
- Source citation: Work cat.: (NUST): Huzaifa Javed, Performance evaluation of antispripping modified concrete using a nano-product "Zycosoil:, 2015.
